[Event "Imperia op 29th"]
[Site "Imperia"]
[Date "1987.09.10"]
[Round "5.21"]
[White "Abdel Monem, Salah"]
[Black "Muller, Erich"]
[Result "1-0"]
[WhiteElo "1961"]
[BlackElo "2000"]
[PlyCount "123"]
[EventDate "1987.09.06"]
[EventType "swiss"]
[EventRounds "8"]
[EventCountry "ITA"]
[SourceTitle "EXT 2023"]
[Source "ChessBase"]
[SourceDate "2022.10.05"]
[SourceVersion "1"]
[SourceVersionDate "2022.10.05"]
[SourceQuality "1"]

1. e4 c5 2. Nf3 d6 3. c3 Nf6 4. Bc4 d5 5. exd5 Nxd5 6. 0-0 e6 7. d4 Nc6 8. Re1 Nb6 9. Bb5 Bd7 10. d5 Ne7 11. Bxd7+ Qxd7 12. dxe6 Qxd1 13. exf7+ Kxf7 14. Rxd1 Nc6 15. Ng5+ Kg6 16. Na3 Be7 17. Ne4 Rad8 18. Be3 Nd7 19. Rd5 b6 20. Rad1 Nf6 21. Nxf6 Bxf6 22. Rxd8 Rxd8 23. Rxd8 Bxd8 24. Kf1 Kf5 25. Ke2 Bc7 26. h3 Ke4 27. Nb1 Kd5 28. Nd2 c4 29. f4 b5 30. Kf3 a5 31. Nf1 b4 32. Bd2 Bb6 33. g4 Bc5 34. h4 b3 35. axb3 cxb3 36. h5 a4 37. Bc1 Na5 38. Nd2 Bd6 39. g5 g6 40. h6 Nc6 41. Ne4 Be7 42. Ke3 Na5 43. Nf6+ Bxf6 44. gxf6 Nc4+ 45. Kd3 Nd6 46. c4+ Ke6 47. c5 Ne8 48. Kc4 Nxf6 49. Kb5 Kd7 50. Kxa4 Kc6 51. Be3 Ng4 52. Bg1 Nxh6 53. Kxb3 Nf5 54. Kc4 Ne7 55. b4 h6 56. b5+ Kd7 57. Bf2 g5 58. fxg5 hxg5 59. Bg3 Nf5 60. c6+ Kc8 61. Be5 g4 62. b6 1-0